Kraje które mają kolor żółty we fladze - Statystyki

Ogólne statystyki
  • Ten quiz został rozwiązany 545 razy
    293 od ostatniego zresetowania
  • Średni wynik to 43 z 101
Statystyki odpowiedzi
Państwa % Poprawnych
Hiszpania
90%
Chiny
76%
Niemcy
76%
Szwecja
76%
Brazylia
75%
Ukraina
75%
Watykan
73%
Rumunia
68%
Kolumbia
67%
Litwa
66%
Belgia
65%
Argentyna
63%
Meksyk
62%
Południowa Afryka
62%
Andora
61%
Wietnam
60%
Ekwador
59%
Portugalia
59%
Wenezuela
59%
Mołdawia
58%
Czad
55%
Urugwaj
53%
Bośnia i Hercegowina
52%
Kazachstan
52%
Demokratyczna Republika Konga
51%
Boliwia
50%
Egipt
50%
Angola
49%
Mongolia
47%
Kongo
46%
Senegal
46%
Seszele
46%
Jamajka
44%
Kirgistan
44%
Macedonia Północna
44%
Bhutan
43%
Uganda
43%
Ghana
42%
Gwinea
42%
Mali
42%
Brunei
41%
Etiopia
41%
Kamerun
41%
San Marino
41%
Zimbabwe
41%
Saint Lucia
40%
Sri Lanka
40%
Antigua i Barbuda
39%
Czarnogóra
39%
Gujana
39%
Bahamy
38%
Dominika
38%
Mozambik
38%
Barbados
37%
Benin
37%
Chorwacja
37%
Liechtenstein
37%
Mauritius
37%
Surinam
37%
Tadżykistan
37%
Togo
37%
Belize
36%
Gwinea Bissau
36%
Palau
36%
Republika Środkowoafrykańska
36%
Birma
35%
Gwinea Równikowa
35%
Malezja
35%
Mauretania
35%
Paragwaj
35%
Dominikana
34%
Gabon
34%
Namibia
34%
Papua-Nowa Gwinea
34%
Rwanda
34%
Filipiny
33%
Grenada
33%
Kiribati
32%
Saint Kitts i Nevis
32%
Saint Vincent i Grenadyny
32%
Serbia
32%
Turkmenistan
32%
Erytrea
31%
Komory
31%
Tanzania
31%
Fidżi
30%
Gwatemala
30%
Haiti
30%
Eswatini
28%
Sudan Południowy
28%
Vanuatu
28%
Nikaragua
27%
Republika Zielonego Przylądka
27%
Salwador
27%
Burkina Faso
26%
Timor Wschodni
26%
Wyspy Świętego Tomasza i Książęca
26%
Nauru
25%
Tuvalu
24%
Wyspy Salomona
24%
Słowenia
22%
Nie znaleziono quizów pasujących do podanych kryteriów
Rozkład punktacji
Procent ludzi z każdym wynikiem
Percentyl według liczby udzielonych odpowiedzi
Twoja historia wyników
Nie rozwiązałeś tego quizu od ostatniego zresetowania